| 000 | 01399nam a22002657a 4500 | ||
|---|---|---|---|
| 001 | 4093 | ||
| 003 | FISKH | ||
| 005 | 20240606140914.0 | ||
| 008 | 240606b cb ||||| |||| 00| 0 eng d | ||
| 020 | _a9781405272193 | ||
| 040 |
_aFISKH _beng _cFISKH _dFISKH |
||
| 050 | _aPZ8.B57 | ||
| 082 | _a823.912 | ||
| 100 |
_aBlyton Enid _d1897-1968 |
||
| 245 |
_aThe enchanted wood / _cEnid Blyton |
||
| 260 |
_aLondon : _bEgmont UK Limited, _c2014 |
||
| 300 |
_a209 pages : _billustrations ; _c21 cm |
||
| 505 | _aM | ||
| 520 | _aWhen Jo, Bessie and Fanny leap over a ditch near their new house in the country, they find themselves in an Enchanted Wood where trees whisper their secrets and magic is everywhere. In the middle of the wood grows the most wonderful tree in the world - The Faraway Tree, with its top-most branches touching the clouds, magical fruit, the exciting Slippery-Slip, and cosy houses set in its vast trunk. The children soon explore the tree, meeting the strange people who live there, including Moon-Face, Silky the pixie and Dame Washalot, and have amazing adventures in the lands that come and go at the top - the Land of Ice and Snow, the Land of the Three Bears, and everyone's favourite - the Land of Take-What-You-Want!. | ||
| 521 | 8 |
_a640
_bLexile |
|
| 521 | 8 |
_aM
_bRaz-Plus |
|
| 700 | _aEnid Blyton | ||
| 942 |
_2ddc _cBK _n0 |
||
| 999 |
_c4093 _d4093 |
||